[Event "Deutsche Ländermeisterschaft 2024"]
[Site "Tübingen GER"]
[Date "2024.10.04"]
[Round "4"]
[White "Voigt, Anastasia"]
[Black "Bauer, Laura Sophie"]
[Result "1/2-1/2"]
[Termination "normal"]
[Board "2.5"]
[WhiteElo "1909"]
[BlackElo "1923"]
[WhiteClock "00:23:08"]
[BlackClock "00:21:50"]
[WhiteTeam "Sachsen-Anhalt"]
[BlackTeam "Bayern"]
[PlyCount "51"]
[WhiteFideId "16235223"]
[BlackFideId "16253647"]
[EventCountry "GER"]
[EventRounds "7"]
[EventType "team-swiss"]
[EventDate "2024.10.02"]

1. e4 {[%clk 01:30:58]} e5 {[%clk 01:30:54]} {[%emt 00:00:07]} 2. Nf3 {[%clk
01:31:25]} {[%emt 00:00:04]} Nc6 {[%clk 01:31:18]} {[%emt 00:00:05]} 3. Bc4
{[%clk 01:31:51]} {[%emt 00:00:04]} Bc5 {[%clk 01:31:42]} {[%emt 00:00:06]} 4.
c3 {[%clk 01:32:18]} {[%emt 00:00:04]} Nf6 {[%clk 01:32:06]} {[%emt 00:00:05]}
5. d3 {[%clk 01:32:44]} {[%emt 00:00:04]} d6 {[%clk 01:32:30]} {[%emt
00:00:06]} 6. O-O {[%clk 01:33:01]} {[%emt 00:00:13]} a6 {[%clk 01:32:50]}
{[%emt 00:00:11]} 7. Nbd2 {[%clk 01:32:56]} {[%emt 00:00:34]} Ba7 {[%clk
01:32:42]} {[%emt 00:00:38]} 8. Bb3 {[%clk 01:33:07]} {[%emt 00:00:19]} h6
{[%clk 01:32:19]} {[%emt 00:00:53]} 9. Nc4 {[%clk 01:29:47]} {[%emt 00:03:50]}
O-O {[%clk 01:25:37]} {[%emt 00:07:11]} 10. Ne3 {[%clk 01:30:07]} {[%emt
00:00:10]} Ne7 {[%clk 01:23:29]} {[%emt 00:02:39]} 11. Nh4 {[%clk 01:22:50]}
{[%emt 00:07:47]} d5 {[%clk 01:13:48]} {[%emt 00:10:12]} 12. Qf3 {[%clk
01:19:04]} {[%emt 00:04:15]} dxe4 {[%clk 01:09:01]} {[%emt 00:05:18]} 13. dxe4
{[%clk 01:19:18]} {[%emt 00:00:15]} Be6 {[%clk 01:01:56]} {[%emt 00:07:35]} 14.
Nef5 {[%clk 01:15:28]} {[%emt 00:04:20]} Nxf5 {[%clk 00:56:05]} {[%emt
00:06:21]} 15. Nxf5 {[%clk 01:15:28]} {[%emt 00:00:29]} Bxf5 {[%clk 00:54:29]}
{[%emt 00:02:07]} 16. Qxf5 {[%clk 01:15:28]} {[%emt 00:00:29]} Qc8 {[%clk
00:50:51]} {[%emt 00:04:09]} 17. Qxe5 {[%clk 00:55:36]} {[%emt 00:20:22]} Re8
{[%clk 00:46:13]} {[%emt 00:05:08]} 18. Qg3 {[%clk 00:51:57]} {[%emt 00:04:08]}
Rxe4 {[%clk 00:26:34]} {[%emt 00:20:10]} 19. Bxh6 {[%clk 00:37:18]} {[%emt
00:15:09]} Qg4 {[%clk 00:24:43]} {[%emt 00:02:21]} 20. Qxc7 {[%clk 00:28:06]}
{[%emt 00:09:42]} Qd7 {[%clk 00:21:53]} {[%emt 00:03:18]} 21. Qxd7 {[%clk
00:26:03]} {[%emt 00:02:34]} Nxd7 {[%clk 00:22:16]} {[%emt 00:00:07]} 22. Be3
{[%clk 00:24:43]} {[%emt 00:01:50]} Bxe3 {[%clk 00:22:08]} {[%emt 00:00:39]}
23. fxe3 {[%clk 00:25:09]} {[%emt 00:00:05]} Nf6 {[%clk 00:22:28]} {[%emt
00:00:09]} 24. Rf3 {[%clk 00:24:35]} {[%emt 00:01:03]} Rd8 {[%clk 00:22:08]}
{[%emt 00:00:50]} 25. Raf1 {[%clk 00:23:57]} {[%emt 00:01:08]} Rd2 {[%clk
00:21:50]} {[%emt 00:00:49]} 26. Rg3 {[%clk 00:23:08]} {[%emt 00:01:18]} Kf8
{[%clk 00:21:32]} {[%emt 00:00:48]} 27. Rf2 {[%clk 00:20:23]} {[%emt 00:03:14]}
Rd7 {[%clk 00:20:01]} {[%emt 00:02:02]} 28. Rgf3 {[%clk 00:16:29]} {[%emt
00:04:23]} Rde7 {[%clk 00:19:18]} {[%emt 00:01:14]} 29. Rh3 {[%clk 00:03:55]}
{[%emt 00:13:04]} Rxe3 {[%clk 00:17:09]} {[%emt 00:02:40]} 30. Rh8+ {[%clk
00:03:19]} {[%emt 00:01:05]} Ng8 {[%clk 00:17:34]} {[%emt 00:00:06]} 31. Rd2
{[%clk 00:02:59]} {[%emt 00:00:50]} Re8 {[%clk 00:17:22]} {[%emt 00:00:41]} 32.
h3 {[%clk 00:02:20]} {[%emt 00:01:10]} Re2 {[%clk 00:16:24]} {[%emt 00:01:29]}
33. Rd7 {[%clk 00:02:01]} {[%emt 00:00:48]} R2e7 {[%clk 00:16:48]} {[%emt
00:00:06]} 34. Rd3 {[%clk 00:01:20]} {[%emt 00:01:11]} Re1+ {[%clk 00:16:27]}
{[%emt 00:00:50]} 35. Kf2 {[%clk 00:01:15]} {[%emt 00:00:34]} R1e2+ {[%clk
00:16:28]} {[%emt 00:00:30]} 36. Kf3 {[%clk 00:01:33]} {[%emt 00:00:12]} g6
{[%clk 00:15:24]} {[%emt 00:01:35]} 37. Rh7 {[%clk 00:01:40]} {[%emt 00:00:23]}
R2e7 {[%clk 00:15:39]} {[%emt 00:00:15]} 38. Rh4 {[%clk 00:01:36]} {[%emt
00:00:31]} Kg7 {[%clk 00:15:45]} {[%emt 00:00:26]} 39. Rhd4 {[%clk 00:01:47]}
{[%emt 00:00:19]} Nf6 {[%clk 00:15:41]} {[%emt 00:00:35]} 40. h4 {[%clk
00:01:32]} {[%emt 00:00:45]} Re1 {[%clk 00:14:36]} {[%emt 00:01:34]} 41. g4
{[%clk 00:01:20]} {[%emt 00:00:42]} Rf1+ {[%clk 00:13:38]} {[%emt 00:01:29]}
42. Kg2 {[%clk 00:25:02]} {[%emt 00:06:47]} Ree1 {[%clk 00:43:33]} {[%emt
00:00:36]} 43. Rd2 {[%clk 00:23:24]} {[%emt 00:02:07]} Rg1+ {[%clk 00:41:19]}
{[%emt 00:02:44]} 44. Kf3 {[%clk 00:18:32]} {[%emt 00:05:22]} Nxg4 {[%clk
00:36:55]} {[%emt 00:04:55]} 45. Rxg4 {[%clk 00:16:34]} {[%emt 00:02:28]} Ref1+
{[%clk 00:37:15]} {[%emt 00:00:10]} 46. Ke2 {[%clk 00:16:56]} {[%emt 00:00:07]}
Re1+ {[%clk 00:37:38]} {[%emt 00:00:07]} 1/2-1/2

[Event "Deutsche Ländermeisterschaft 2024"]
[Site "Tübingen GER"]
[Date "2024.10.04"]
[Round "4"]
[White "Bardorz, Jana"]
[Black "Shevchenko, Igor"]
[Result "1-0"]
[Termination "normal"]
[Board "2.6"]
[WhiteElo "2069"]
[BlackElo "1856"]
[WhiteClock "00:36:07"]
[BlackClock "00:12:31"]
[WhiteTeam "Bayern"]
[BlackTeam "Sachsen-Anhalt"]
[PlyCount "44"]
[WhiteFideId "16208897"]
[BlackFideId "34634924"]
[EventCountry "GER"]
[EventRounds "7"]
[EventType "team-swiss"]
[EventDate "2024.10.02"]

1. e4 {[%clk 01:30:56]} {[%emt 00:00:02]} c6 {[%clk 01:30:56]} {[%emt
00:00:05]} 2. d4 {[%clk 01:31:16]} {[%emt 00:00:10]} d5 {[%clk 01:31:18]}
{[%emt 00:00:07]} 3. exd5 {[%clk 01:31:35]} {[%emt 00:00:12]} cxd5 {[%clk
01:31:41]} {[%emt 00:00:07]} 4. Bd3 {[%clk 01:31:59]} {[%emt 00:00:06]} Nc6
{[%clk 01:32:00]} {[%emt 00:00:12]} 5. c3 {[%clk 01:32:21]} {[%emt 00:00:07]}
Qc7 {[%clk 01:32:19]} {[%emt 00:00:10]} 6. Ne2 {[%clk 01:31:42]} {[%emt
00:01:09]} Bg4 {[%clk 01:32:38]} {[%emt 00:00:12]} 7. O-O {[%clk 01:31:27]}
{[%emt 00:00:44]} e6 {[%clk 01:31:14]} {[%emt 00:01:54]} 8. Qe1 {[%clk
01:30:58]} {[%emt 00:00:59]} Nf6 {[%clk 01:27:56]} {[%emt 00:03:48]} 9. f3
{[%clk 01:25:09]} {[%emt 00:06:18]} Bh5 {[%clk 01:27:37]} {[%emt 00:00:50]} 10.
Bf4 {[%clk 01:25:26]} {[%emt 00:00:12]} Bd6 {[%clk 01:27:28]} {[%emt 00:00:40]}
11. Qh4 {[%clk 01:18:49]} {[%emt 00:07:07]} Rg8 {[%clk 01:13:09]} {[%emt
00:14:49]} 12. Nd2 {[%clk 01:06:36]} {[%emt 00:12:43]} O-O-O {[%clk 00:51:23]}
{[%emt 00:22:16]} 13. a4 {[%clk 00:54:21]} {[%emt 00:12:44]} Bxf4 {[%clk
00:35:12]} {[%emt 00:16:42]} 14. Qxf4 {[%clk 00:54:20]} {[%emt 00:00:30]} Qxf4
{[%clk 00:31:52]} {[%emt 00:03:51]} 1. Nxf4 {[%clk 00:54:44]} {[%emt 00:00:06]}
Bg6 {[%clk 00:32:15]} {[%emt 00:00:06]} 16. Bxg6 {[%clk 00:53:32]} {[%emt
00:01:43]} hxg6 {[%clk 00:32:31]} {[%emt 00:00:14]} 17. Nb3 {[%clk 00:52:36]}
{[%emt 00:01:26]} Rh8 {[%clk 00:25:45]} {[%emt 00:07:16]} 18. Rfe1 {[%clk
00:47:48]} {[%emt 00:05:18]} g5 {[%clk 00:23:18]} {[%emt 00:02:57]} 19. Nd3
{[%clk 00:45:35]} {[%emt 00:02:43]} Rh5 {[%clk 00:18:53]} {[%emt 00:04:55]} 20.
h3 {[%clk 00:43:38]} {[%emt 00:02:27]} Nd7 {[%clk 00:16:09]} {[%emt 00:03:14]}
21. Re2 {[%clk 00:37:20]} {[%emt 00:06:47]} Nb6 {[%clk 00:15:17]} {[%emt
00:01:22]} 22. Nd2 {[%clk 00:36:07]} {[%emt 00:01:44]} Re8 {[%clk 00:12:31]}
{[%emt 00:03:15]} 23. a5 {[%clk 00:27:55]} {[%emt 00:09:44]} Nd7 {[%clk
00:12:05]} 24. Nb3 {[%clk 00:24:43]} {[%emt 00:03:38]} Rh6 {[%clk 00:06:23]}
{[%emt 00:06:12]} 25. Nbc5 {[%clk 00:23:06]} {[%emt 00:02:06]} Nxc5 {[%clk
00:05:31]} {[%emt 00:01:23]} 26. Nxc5 {[%clk 00:23:29]} {[%emt 00:00:06]} Ne7
{[%clk 00:04:18]} {[%emt 00:01:43]} 27. Nd3 {[%clk 00:22:36]} {[%emt 00:01:23]}
Nf5 {[%clk 00:03:18]} {[%emt 00:01:30]} 28. Ne5 {[%clk 00:17:29]} {[%emt
00:05:37]} Re7 {[%clk 00:02:22]} {[%emt 00:01:26]} 29. Rc1 {[%clk 00:12:04]}
{[%emt 00:05:55]} Rh4 {[%clk 00:00:32]} {[%emt 00:02:21]} 30. Kf2 {[%clk
00:07:24]} {[%emt 00:05:10]} Rc7 {[%clk 00:00:36]} {[%emt 00:00:26]} 31. Nd3
{[%clk 00:05:11]} {[%emt 00:02:42]} Kd7 {[%clk 00:00:33]} {[%emt 00:00:33]} 32.
Re5 {[%clk 00:04:25]} {[%emt 00:01:16]} f6 {[%clk 00:00:38]} {[%emt 00:00:25]}
33. Re2 {[%clk 00:04:23]} {[%emt 00:00:32]} b6 {[%clk 00:00:39]} {[%emt
00:00:30]} 34. axb6 {[%clk 00:04:14]} {[%emt 00:00:39]} axb6 {[%clk 00:01:08]}
35. Rce1 {[%clk 00:03:58]} {[%emt 00:00:44]} Rc6 {[%clk 00:01:24]} {[%emt
00:00:15]} 36. Nb4 {[%clk 00:03:33]} {[%emt 00:00:55]} Rd6 {[%clk 00:01:48]}
{[%emt 00:00:07]} 37. Ra1 {[%clk 00:03:33]} {[%emt 00:00:29]} Ke7 {[%clk
00:00:32]} {[%emt 00:01:46]} 38. Ra7+ {[%clk 00:03:33]} {[%emt 00:00:31]} Rd7
{[%clk 00:00:40]} {[%emt 00:00:22]} 39. Nxd5+ {[%clk 00:03:07]} {[%emt
00:00:55]} Kd8 {[%clk 00:00:54]} {[%emt 00:00:17]} 40. Ra8# {[%emt 00:00:15]}
1-0

[Event "Deutsche Ländermeisterschaft 2024"]
[Site "Tübingen GER"]
[Date "2024.10.04"]
[Round "4"]
[White "Rössling, Laura Marie"]
[Black "Geist, Tim"]
[Result "0-1"]
[Termination "normal"]
[Board "2.7"]
[WhiteElo "1623"]
[BlackElo "1977"]
[WhiteClock "00:08:47"]
[BlackClock "00:45:31"]
[WhiteTeam "Sachsen-Anhalt"]
[BlackTeam "Bayern"]
[PlyCount "70"]
[WhiteFideId "16289471"]
[BlackFideId "34604324"]
[EventCountry "GER"]
[EventRounds "7"]
[EventType "team-swiss"]
[EventDate "2024.10.02"]

1. e4 {[%clk 01:30:56]} {[%emt 00:00:04]} c5 {[%clk 01:30:19]} {[%emt
00:00:41]} 2. Nf3 {[%clk 01:30:42]} {[%emt 00:00:44]} d6 {[%clk 01:30:30]}
{[%emt 00:00:19]} 3. d4 {[%clk 01:30:40]} {[%emt 00:00:33]} cxd4 {[%clk
01:30:55]} {[%emt 00:00:05]} 4. Nxd4 {[%clk 01:30:41]} {[%emt 00:00:29]} Nf6
{[%clk 01:31:20]} {[%emt 00:00:05]} 5. Nc3 {[%clk 01:30:25]} {[%emt 00:00:46]}
a6 {[%clk 01:31:46]} {[%emt 00:00:04]} 6. Bd3 {[%clk 01:26:26]} {[%emt
00:04:28]} e5 {[%clk 01:31:02]} {[%emt 00:01:15]} 7. Nb3 {[%clk 01:25:35]}
{[%emt 00:01:21]} Be7 {[%clk 01:30:58]} {[%emt 00:00:33]} 8. O-O {[%clk
01:24:38]} {[%emt 00:01:27]} O-O {[%clk 01:31:13]} {[%emt 00:00:15]} 9. Kh1
{[%clk 01:13:30]} {[%emt 00:11:38]} b5 {[%clk 01:30:16]} {[%emt 00:01:27]} 10.
f4 {[%clk 01:11:04]} {[%emt 00:02:57]} Nbd7 {[%clk 01:29:07]} {[%emt 00:01:38]}
11. f5 {[%clk 01:07:33]} {[%emt 00:04:01]} Bb7 {[%emt 00:00:19]} 12. Qf3 {[%clk
00:59:43]} {[%emt 00:08:18]} b4 {[%clk 01:26:36]} {[%emt 00:03:14]} 13. Nd5
{[%clk 00:58:35]} {[%emt 00:01:38]} Nxd5 {[%clk 01:26:15]} {[%emt 00:00:50]}
14. exd5 {[%clk 00:58:50]} {[%emt 00:00:16]} a5 {[%clk 01:23:59]} {[%emt
00:02:47]} 15. c4 {[%clk 00:56:04]} {[%emt 00:03:15]} bxc3 {[%clk 01:22:45]}
{[%emt 00:01:44]} 16. bxc3 {[%clk 00:56:24]} {[%emt 00:00:09]} a4 {[%clk
01:23:03]} {[%emt 00:00:12]} 17. Nd2 {[%clk 00:56:32]} {[%emt 00:00:22]} Bf6
{[%clk 01:17:42]} {[%emt 00:05:52]} 18. c4 {[%clk 00:54:08]} {[%emt 00:02:53]}
e4 {[%clk 01:17:23]} {[%emt 00:00:50]} 19. Nxe4 {[%clk 00:53:14]} {[%emt
00:01:23]} Bxa1 {[%clk 01:16:08]} {[%emt 00:01:46]} 20. Nxd6 {[%clk 00:48:48]}
{[%emt 00:04:56]} Rb8 {[%clk 01:07:08]} {[%emt 00:09:30]} 21. Nxb7 {[%clk
00:46:18]} {[%emt 00:03:00]} Rxb7 {[%clk 01:07:31]} {[%emt 00:00:07]} 22. Ba3
{[%clk 00:46:17]} {[%emt 00:00:30]} Bf6 {[%clk 01:06:28]} {[%emt 00:01:33]} 23.
Bxf8 {[%clk 00:45:47]} {[%emt 00:01:01]} Qxf8 {[%clk 01:06:54]} {[%emt
00:00:04]} 24. Bc2 {[%clk 00:33:31]} {[%emt 00:12:45]} Qb4 {[%clk 01:05:14]}
{[%emt 00:02:10]} 25. Qd1 {[%clk 00:26:41]} {[%emt 00:07:19]} Nb6 {[%clk
00:58:06]} {[%emt 00:07:39]} 26. Re1 {[%clk 00:23:50]} {[%emt 00:03:21]} Re7
{[%clk 00:53:58]} {[%emt 00:04:38]} 27. Rxe7 {[%clk 00:23:04]} {[%emt
00:01:16]} Bxe7 {[%clk 00:54:26]} {[%emt 00:00:02]} 28. h3 {[%clk 00:20:11]}
{[%emt 00:03:23]} Nxc4 {[%clk 00:53:10]} {[%emt 00:01:46]} 29. Qe2 {[%clk
00:10:54]} {[%emt 00:09:43]} g6 {[%clk 00:48:49]} {[%emt 00:04:55]} 30. fxg6
{[%clk 00:09:55]} {[%emt 00:01:30]} hxg6 {[%clk 00:49:12]} {[%emt 00:00:07]}
31. Bxa4 {[%clk 00:09:33]} {[%emt 00:00:52]} Qxa4 {[%clk 00:45:43]} {[%emt
00:03:59]} 32. Qxe7 {[%clk 00:09:45]} {[%emt 00:00:18]} Qd1+ {[%clk 00:46:08]}
{[%emt 00:00:04]} 33. Kh2 {[%clk 00:09:57]} {[%emt 00:00:17]} Qxd5 {[%clk
00:46:30]} {[%emt 00:00:09]} 34. Qe8+ {[%clk 00:08:51]} {[%emt 00:01:36]} Kg7
{[%clk 00:46:50]} {[%emt 00:00:10]} 35. Qc8 {[%clk 00:08:47]} {[%emt 00:00:29]}
Qe5+ {[%clk 00:45:31]} {[%emt 00:01:53]} 36. Kh1 {[%clk 00:08:44]} {[%emt
00:00:34]} Ne3 {[%clk 00:41:39]} {[%emt 00:04:22]} 37. Qc1 {[%clk 00:07:11]}
{[%emt 00:02:00]} Nf5 {[%clk 00:41:19]} {[%emt 00:00:53]} 38. Kg1 {[%clk
00:05:46]} {[%emt 00:01:55]} Ng3 {[%clk 00:39:23]} {[%emt 00:02:27]} 39. Qc2
{[%clk 00:03:56]} {[%emt 00:02:00]} Qe1+ {[%clk 00:39:50]} {[%emt 00:00:22]}
0-1

[Event "Deutsche Ländermeisterschaft 2024"]
[Site "Tübingen GER"]
[Date "2024.10.04"]
[Round "4"]
[White "Ratushna, Olha"]
[Black "Nönnig, Lotte"]
[Result "1-0"]
[Termination "normal"]
[Board "2.8"]
[WhiteElo "1690"]
[BlackElo "1658"]
[WhiteClock "00:42:36"]
[BlackClock "00:05:38"]
[WhiteTeam "Bayern"]
[BlackTeam "Sachsen-Anhalt"]
[PlyCount "58"]
[WhiteFideId "34172602"]
[BlackFideId "34611509"]
[EventCountry "GER"]
[EventRounds "7"]
[EventType "team-swiss"]
[EventDate "2024.10.02"]

1. e4 {[%clk 01:30:59]} {[%emt 01:22:59]} e5 {[%clk 01:30:51]} {[%emt
00:00:09]} 2. Nf3 {[%clk 01:31:25]} Nc6 {[%clk 01:31:14]} {[%emt 00:00:12]} 3.
Nc3 {[%clk 01:31:50]} Nf6 {[%clk 01:31:16]} {[%emt 00:00:33]} 4. d4 {[%clk
01:32:13]} exd4 {[%emt 00:00:30]} 5. Nxd4 Bb4 6. Nxc6 bxc6 {[%clk 01:31:22]} 7.
Bd3 {[%clk 01:32:35]} d5 {[%emt 00:02:08]} 8. exd5 cxd5 {[%clk 01:31:08]} 9.
O-O {[%clk 01:34:05]} {[%emt 00:00:26]} O-O {[%clk 01:31:32]} {[%emt 00:00:23]}
10. h3 {[%clk 01:34:28]} {[%emt 00:00:08]} c6 {[%clk 01:31:06]} {[%emt
00:00:55]} 11. Qf3 {[%clk 01:34:44]} {[%emt 00:00:14]} Rb8 {[%clk 01:23:02]}
{[%emt 00:08:34]} 12. Bf4 {[%clk 01:34:57]} {[%emt 00:00:16]} Bd6 {[%clk
01:21:53]} {[%emt 00:01:41]} 13. Bxd6 {[%clk 01:34:40]} {[%emt 00:00:48]} Qxd6
{[%clk 01:22:00]} {[%emt 00:00:22]} 14. b3 {[%clk 01:34:31]} {[%emt 00:00:39]}
Re8 {[%clk 01:12:34]} {[%emt 00:09:56]} 15. Rfe1 {[%clk 01:32:55]} {[%emt
00:02:06]} Rxe1+ {[%clk 01:11:13]} {[%emt 00:01:51]} 16. Rxe1 {[%clk 01:33:18]}
{[%emt 00:00:07]} Qb4 {[%clk 01:02:51]} {[%emt 00:08:52]} 17. Kf1 {[%clk
01:29:20]} {[%emt 00:04:29]} Be6 {[%clk 00:54:47]} {[%emt 00:08:33]} 18. Na4
{[%clk 01:19:49]} {[%emt 00:10:01]} Re8 {[%clk 00:50:01]} {[%emt 00:05:15]} 19.
Qe2 {[%clk 01:09:48]} {[%emt 00:10:27]} g6 {[%clk 00:35:16]} {[%emt 00:15:20]}
20. Qd1 {[%clk 01:07:57]} {[%emt 00:02:20]} Qd6 {[%clk 00:32:39]} {[%emt
00:03:08]} 21. Kg1 {[%clk 01:07:38]} {[%emt 00:00:49]} Kg7 {[%clk 00:27:51]}
{[%emt 00:05:18]} 22. Qd2 {[%clk 00:59:07]} {[%emt 00:09:02]} c5 {[%clk
00:19:15]} {[%emt 00:09:05]} 23. c3 {[%clk 00:54:25]} {[%emt 00:05:12]} Rd8
{[%clk 00:15:32]} {[%emt 00:04:13]} 24. Bc2 {[%clk 00:51:48]} {[%emt 00:02:58]}
Qc7 {[%clk 00:13:45]} {[%emt 00:02:24]} 25. Qg5 {[%clk 00:49:54]} {[%emt
00:02:25]} c4 {[%clk 00:10:51]} {[%emt 00:03:25]} 26. b4 {[%clk 00:49:29]}
{[%emt 00:00:55]} d4 {[%clk 00:09:35]} {[%emt 00:01:47]} 27. Nc5 {[%clk
00:46:08]} {[%emt 00:03:50]} d3 {[%clk 00:07:12]} {[%emt 00:02:52]} 28. Bd1
{[%clk 00:45:37]} {[%emt 00:01:02]} Bf5 {[%clk 00:06:41]} {[%emt 00:01:01]} 29.
g4 {[%clk 00:42:36]} {[%emt 00:03:31]} Bd7 {[%clk 00:05:38]} {[%emt 00:01:27]}
30. Re7 {[%clk 00:39:59]} {[%emt 00:03:12]} Qd6 {[%clk 00:04:16]} {[%emt
00:01:47]} 31. Re3 {[%clk 00:37:49]} {[%emt 00:02:42]} Bc6 {[%clk 00:03:58]}
{[%emt 00:00:51]} 32. b5 {[%clk 00:29:53]} {[%emt 00:08:27]} Ba8 {[%clk
00:03:00]} {[%emt 00:01:24]} 33. Qe5 {[%clk 00:29:13]} {[%emt 00:01:13]} Qxe5
{[%clk 00:02:46]} {[%emt 00:00:45]} 34. Rxe5 {[%clk 00:29:38]} {[%emt
00:00:04]} Re8 {[%clk 00:02:45]} {[%emt 00:00:30]} 35. Rxe8 {[%clk 00:29:14]}
{[%emt 00:00:56]} Nxe8 {[%clk 00:03:08]} {[%emt 00:00:06]} 36. Kf1 {[%clk
00:29:19]} {[%emt 00:00:25]} Nd6 {[%clk 00:02:39]} {[%emt 00:00:57]} 37. a4
{[%clk 00:29:38]} {[%emt 00:00:14]} Kf6 {[%clk 00:02:35]} {[%emt 00:00:31]} 38.
f4 {[%clk 00:29:10]} {[%emt 00:01:01]} Ne4 {[%clk 00:02:05]} {[%emt 00:01:00]}
39. Nxe4+ {[%clk 00:27:31]} {[%emt 00:02:09]} Bxe4 {[%clk 00:02:32]} {[%emt
00:00:03]} 40. Kf2 {[%clk 00:27:42]} {[%emt 00:00:19]} Ke6 {[%clk 00:02:16]}
{[%emt 00:00:44]} 41. Ke3 {[%clk 00:27:19]} {[%emt 00:00:55]} Kd5 {[%clk
00:25:08]} {[%emt 00:07:36]} 42. h4 {[%clk 00:55:43]} {[%emt 00:02:07]} f5
{[%clk 00:19:23]} {[%emt 00:06:16]} 43. g5 {[%clk 00:54:58]} {[%emt 00:01:15]}
Kc5 {[%clk 00:18:06]} {[%emt 00:01:46]} 44. Kd2 {[%clk 00:54:52]} {[%emt
00:00:37]} Kb6 {[%clk 00:16:50]} {[%emt 00:01:45]} 45. Kc1 {[%clk 00:54:37]}
{[%emt 00:00:46]} a6 {[%clk 00:16:26]} {[%emt 00:00:53]} 46. bxa6 {[%clk
00:53:58]} {[%emt 00:01:09]} Kxa6 {[%clk 00:16:48]} {[%emt 00:00:07]} 47. Kd2
{[%clk 00:53:58]} {[%emt 00:00:31]} Ka5 {[%clk 00:15:20]} {[%emt 00:01:58]} 48.
h5 {[%clk 00:52:56]} {[%emt 00:01:33]} Bc6 {[%clk 00:14:21]} {[%emt 00:01:28]}
49. h6 {[%clk 00:52:36]} {[%emt 00:00:51]} Kb6 {[%clk 00:10:11]} {[%emt
00:04:39]} 50. Ke3 {[%clk 00:50:28]} {[%emt 00:02:38]} Kc5 {[%clk 00:08:49]}
{[%emt 00:01:51]} 51. Kd2 {[%clk 00:47:52]} {[%emt 00:03:06]} Bg2 {[%clk
00:07:38]} {[%emt 00:01:42]} 52. Bh5 {[%clk 00:47:27]} {[%emt 00:00:55]} gxh5
{[%clk 00:03:24]} {[%emt 00:04:46]} 53. g6 {[%clk 00:47:50]} {[%emt 00:00:06]}
h4 {[%clk 00:03:20]} {[%emt 00:00:33]} 54. gxh7 {[%clk 00:48:09]} {[%emt
00:00:11]} h3 {[%clk 00:03:14]} {[%emt 00:00:36]} 55. h8=Q {[%clk 00:48:33]}
{[%emt 00:00:06]} h2 {[%clk 00:03:13]} {[%emt 00:00:32]} 56. Qe5+ {[%clk
00:46:22]} {[%emt 00:02:38]} Kc6 {[%clk 00:02:31]} {[%emt 00:01:09]} 57. Qe1
{[%clk 00:46:20]} {[%emt 00:00:32]} Kd6 {[%clk 00:01:43]} {[%emt 00:01:23]} 58.
h7 {[%clk 00:46:35]} {[%emt 00:00:15]} 1-0